01594nam a2200373 a 4500001001100000003000800011006001900019007001500038008004100053010001700094020003500111020003500146040002100181035002000202050002400222082001200246245016100258260006400419300001600483490006200499504006800561533015200629650003000781650004300811650004300854650003500897655002900932700002300961700002800984710001701012830005101029856012501080999001501205ebr5000203CaPaEBRm u cr cn|||||||||990107s1999 ne sb 001 0 eng  z 99010762  z1556199333 (U.S. : alk. paper) z9027230501 (Eur. : alk. paper) aCaPaEBRcCaPaEBR a(OCoLC)7072954214aPE1385b.C69 1999eb04a42522100aCollocational and idiomatic aspects of composite predicates in the history of Englishh[electronic resource] /cedited by Laurel J. Brinton, Minoji Akimoto. aAmsterdam ;aPhiladelphia :bJ. Benjamins Pub. Co.,cc1999. axii, 283 p.1 aStudies in language companion series,x0165-7763 ;vv. 47 aIncludes bibliographical references (p. [261]-274) and indexes. aElectronic reproduction.bPalo Alto, Calif. :cebrary,d2013.nAvailable via World Wide Web.nAccess may be limited to ebrary affiliated libraries. 0aEnglish languagexSyntax. 0aEnglish languagexGrammar, Generative. 0aEnglish languagexGrammar, Historical. 0aEnglish languagexVerb phrase. 7aElectronic books.2local1 aBrinton, Laurel J.1 aAkimoto, Minoji,d1941-2 aebrary, Inc. 0aStudies in language companion series ;vv. 47.40uhttp://site.ebrary.com/lib/rucke/Doc?id=5000203zAn electronic book accessible through the World Wide Web; click to view c2689d2689